Guinea Bissau : EIU country report :
| Format: | Book |
|---|---|
| Published: |
London:
The Economist Intelligence Unit,
2008.
|
| Subjects: |
| LEADER | 00472cam a2200145 7i4500 | ||
|---|---|---|---|
| 001 | 0000022043 | ||
| 005 | 20081211090000.0 | ||
| 022 | 0 | 0 | |a 1748-8125 |
| 090 | 0 | 0 | |a GUIE 330.9 |b GUI |
| 245 | 0 | 0 | |a Guinea Bissau : |b EIU country report : |b EIU country report : |b July 2008. |
| 260 | 0 | 0 | |a London: |b The Economist Intelligence Unit, |c 2008. |
| 300 | # | # | |a 15 p. |
| 650 | 0 | 0 | |a Guinea Bissau -- |x Country report |
| 651 | 0 | 0 | |a Guinea Bissau |
| 999 | |a B000023266 |b Book |c Countries |e Business Information Centre | ||